DNA arrays : (Record no. 176974)

000 -LEADER
fixed length control field 01385 a2200229 4500
003 - CONTROL NUMBER IDENTIFIER
control field Nust
005 - DATE AND TIME OF LATEST TRANSACTION
control field 20220802130046.0
010 ## - LIBRARY OF CONGRESS CONTROL NUMBER
LC control number 2001043455
020 ## - INTERNATIONAL STANDARD BOOK NUMBER
International Standard Book Number 0849322855 (alk. paper)
040 ## - CATALOGING SOURCE
Transcribing agency Nust
082 00 - DEWEY DECIMAL CLASSIFICATION NUMBER
Classification number 572.865,DAN
245 00 - TITLE STATEMENT
Title DNA arrays :
Remainder of title technologies and experimental strategies /
Statement of responsibility, etc. edited by Elena V. Grigorenko.
260 ## - PUBLICATION, DISTRIBUTION, ETC.
Place of publication, distribution, etc. Boca Raton, Fla. :
Name of publisher, distributor, etc. CRC Press,
Date of publication, distribution, etc. c2002.
300 ## - PHYSICAL DESCRIPTION
Extent 167 p., [8] p. of plates :
Other physical details ill. (some col.) ;
Dimensions 25 cm.
490 1# - SERIES STATEMENT
Series statement Methods & new frontiers in neuroscience
505 ## - FORMATTED CONTENTS NOTE
Formatted contents note Technology Development for DNA Chips (Page-1), Experimental Design for Hybridization Array Analysis of Gene Expression (Page -11), Oligonucleotide Array Technologies for Gene Expression Profiling (Page-25), Electrochemical Detection of Nucleic Acids (Page-39), DNA Microarrays in Neurobiology (Page-61), High-Dimensional Visualization Support for Data Mining Gene (Page-75), Data Management in Micro array Fabrication Image Processing (Page-115), Zeroing in on Essential Gene Expression Data (Page-129), Application of Arrayed Libraries for Analysis of Differential (Page-141).
650 #0 - SUBJECT ADDED ENTRY--TOPICAL TERM
Topical term or geographic name entry element DNA microarrays.
9 (RLIN) 96275
700 1# - ADDED ENTRY--PERSONAL NAME
Personal name Grigorenko, Elena V.
9 (RLIN) 96276
830 #0 - SERIES ADDED ENTRY--UNIFORM TITLE
Uniform title Methods & new frontiers in neuroscience series.
9 (RLIN) 96277
856 42 - ELECTRONIC LOCATION AND ACCESS
Materials specified Publisher description
Uniform Resource Identifier <a href="http://www.loc.gov/catdir/enhancements/fy0646/2001043455-d.html">http://www.loc.gov/catdir/enhancements/fy0646/2001043455-d.html</a>
942 ## - ADDED ENTRY ELEMENTS (KOHA)
Koha item type Reference
Source of classification or shelving scheme
Holdings
Withdrawn status Lost status Source of classification or shelving scheme Damaged status Not for loan Permanent Location Current Location Shelving location Date acquired Full call number Barcode Date last seen Price effective from Koha item type Public note
          Military College of Signals (MCS) Military College of Signals (MCS) Reference 12/12/2016 572.865,DNA MCS31563 12/08/2016 12/12/2016 Reference Almirah No.20, Shelf No.1
© 2023 Central Library, National University of Sciences and Technology. All Rights Reserved.